[Event "NATO-ch 23nd"]
[Site "Brest"]
[Date "2012.10.04"]
[Round "6"]
[White "Baxted, Peter"]
[Black "Stuhr, Finn"]
[Result "0-1"]
[WhiteElo "2003"]
[BlackElo "1653"]
[PlyCount "100"]
[EventDate "2012.10.01"]
[EventType "swiss"]
[EventRounds "7"]
[EventCountry "FRA"]
[SourceTitle "CBM 150 Extra"]
[Source "ChessBase"]
[SourceDate "2012.10.19"]
[SourceVersion "1"]
[SourceVersionDate "2012.10.19"]
[SourceQuality "1"]

1. d4 Nf6 2. c4 b6 3. Nc3 Bb7 4. Nf3 e6 5. g3 Be7 6. Bg2 d6 7. 0-0 0-0 8. Qc2 Nbd7 9. b3 c5 10. dxc5 dxc5 11. Rd1 Qc7 12. Bb2 Rad8 13. Rd2 Bc6 14. Rad1 Bb7 15. Ne1 Bxg2 16. Nxg2 Ne5 17. Rxd8 Rxd8 18. Rxd8+ Bxd8 19. Nf4 Nc6 20. Nd3 a6 21. Nd1 Qe7 22. Ne5 Qd6 23. Nxc6 Qxc6 24. Nc3 Qd7 25. Nb1 Qe7 26. Qd3 Bc7 27. Qf3 Qd8 28. Bc3 Ne8 29. Nd2 e5 30. Qb7 a5 31. Qe4 f6 32. Qc2 Qd7 33. a4 Nd6 34. Nf1 Nf5 35. Qd2 Qe6 36. e3 Kf7 37. Qd3 g6 38. Nd2 Nd6 39. Ne4 Ke7 40. Nxd6 Bxd6 41. Qd5 Qxd5 42. cxd5 e4 43. f4 Bc7 44. Kf1 Bd8 45. Be5 fxe5 46. fxe5 Bc7 47. d6+ Bxd6 48. exd6+ Kxd6 49. Ke1 Kd5 50. Kd2 c4 0-1

[Event "Canadian op U2000"]
[Site "Kitchener"]
[Date "2006.07.20"]
[Round "6"]
[White "Baxted, Peter"]
[Black "Oberton, Daniel"]
[Result "1/2-1/2"]
[WhiteElo "1685"]
[BlackElo "1740"]
[PlyCount "95"]
[EventDate "2006.07.15"]
[EventType "swiss"]
[EventRounds "9"]
[EventCountry "CAN"]
[SourceTitle "CBM 113 Extra"]
[Source "ChessBase"]
[SourceDate "2006.09.14"]
[SourceVersion "1"]
[SourceVersionDate "2006.09.14"]
[SourceQuality "1"]

1. d4 Nf6 2. c4 g6 3. Nc3 Bg7 4. e4 d6 5. f4 0-0 6. Be2 c5 7. d5 e6 8. Nf3 exd5 9. exd5 Re8 10. 0-0 Bf5 11. Bd3 Ne4 12. Nxe4 Bxe4 13. Qc2 Bxf3 14. Rxf3 Bd4+ 15. Kh1 Qf6 16. Rb1 Na6 17. Bd2 Nb4 18. Bxb4 cxb4 19. b3 Re7 20. Qd2 Bc3 21. Qf2 Qd4 22. Qxd4 Bxd4 23. f5 Rae8 24. fxg6 hxg6 25. Rbf1 Re3 26. h3 a5 27. h4 b6 28. Kh2 R8e7 29. Kh3 Kg7 30. Kg4 Rxf3 31. Rxf3 Re3 32. Rxe3 Bxe3 33. Kf3 Bd2 34. Ke2 Bc1 35. Kd1 Bf4 36. Ke2 Bg3 37. h5 gxh5 38. Kf3 Be5 39. Bf5 Kf6 40. Ke4 Kg5 41. Bd7 Bh2 42. Bf5 Kh4 43. Kf3 f6 44. Be6 Kg5 45. Ke4 Bg1 46. Bf5 Kh6 47. Kf3 Bh2 48. Ke4 1/2-1/2

[Event "Canadian op U2000"]
[Site "Kitchener"]
[Date "2006.07.16"]
[Round "2"]
[White "Baxted, Peter"]
[Black "Doucette, Patrick"]
[Result "1/2-1/2"]
[WhiteElo "1685"]
[BlackElo "1850"]
[PlyCount "84"]
[EventDate "2006.07.15"]
[EventType "swiss"]
[EventRounds "9"]
[EventCountry "CAN"]
[SourceTitle "CBM 113 Extra"]
[Source "ChessBase"]
[SourceDate "2006.09.14"]
[SourceVersion "1"]
[SourceVersionDate "2006.09.14"]
[SourceQuality "1"]

1. d4 Nc6 2. c4 e5 3. dxe5 Nxe5 4. e4 Nf6 5. Nc3 Bc5 6. h3 d6 7. Nf3 Ng6 8. Bd3 0-0 9. 0-0 Bd7 10. Na4 Bc6 11. Re1 Bb6 12. Nxb6 axb6 13. Bd2 Qe7 14. Nd4 Ba4 15. b3 Bd7 16. Qc2 Nh5 17. Nf5 Qf6 18. Be2 Nhf4 19. Bg4 h5 20. Nh6+ gxh6 21. Bxd7 Ne5 22. Bxf4 Qxf4 23. Bf5 Kh8 24. Qe2 Rg8 25. Kh1 Rg5 26. g3 Qf3+ 27. Qxf3 Nxf3 28. Red1 h4 29. Kg2 Ne5 30. g4 Rg7 31. f4 Ng6 32. Kf3 Ne7 33. Rg1 Nxf5 34. exf5 f6 35. Rge1 Rf8 36. Re6 h5 37. Rg1 Kh7 38. Rg2 Rff7 39. Ke4 hxg4 40. hxg4 Kg8 41. Rh2 Rxg4 42. Kf3 Rg3+ 1/2-1/2